El Principio de autodeterminación de los pueblos /

Guardado en:
Bibliografiske detaljer
Hovedforfatter: Chinchilla Mata, Abel Nicolás
Format: Tesis
Udgivet: San José: Universidad de Costa Rica
Tags: Tilføj Tag
Ingen Tags, Vær først til at tagge denne postø!

MARC

LEADER 00000 a a2200000 04500
001 21263
003
040 |a CRAI/IIS  |c CRAI/IIS 
090 |a 09299.01  
100 |a Chinchilla Mata, Abel Nicolás  
245 |a El Principio de autodeterminación de los pueblos /  |c Abel Nicolás Chinchilla Mata  
260 |a San José:   |b Universidad de Costa Rica  
300 |a 397 páginas; v. 1  
502 |a Tesis (Licenciado en Derecho) -- Universidad de Costa Rica. Facultad de Derecho, 1984  
999 |c 18008  |d 18008